000
00289nam a2200109Ia 4500
008
230907s9999||||xx |||||||||||||| ||und||
082
_a
620.14,ADV
245
0
_a
Advances in ceramic armor V :
260
_a
Wiley/John Wiley,
_b
Hoboken, N.J. :
_c
2010
300
_a
xii, 234 p. :
942
_c
BK
999
_c
597460
_d
597460